|
|
|
|
| LEADER |
00000naa2a2200000 4500 |
| 001 |
449819 |
| 005 |
20231101083231.0 |
| 035 |
|
|
|a (RuTPU)RU\TPU\prd\111930
|
| 035 |
|
|
|a RU\TPU\prd\36409
|
| 090 |
|
|
|a 449819
|
| 100 |
|
|
|a 20110608a2005 k y0rusy50 ca
|
| 101 |
0 |
|
|a rus
|
| 102 |
|
|
|a RU
|
| 200 |
1 |
|
|a Многоуровневая градиентная структура в стержне низкоуглеродистой стали малого диаметра, термоупрочненной с горячего проката
|f Ю. Ф. Иванов, А. Б. Юрьев, М. М. Морозов, В. Е. Громов
|
| 320 |
|
|
|a Библиогр.: 15 назв.
|
| 461 |
|
0 |
|0 (RuTPU)RU\TPU\prd\353
|x 1683-805X
|t Физическая мезомеханика
|f Институт физики прочности и материаловедения ; Российская академия наук (РАН), Сибирское отделение (СО), Институт физики прочности и материаловедения (ИФПМ)
|d 1998-
|
| 463 |
|
0 |
|0 (RuTPU)RU\TPU\prd\111922
|t Т. 8, № 2
|v с. 61-68
|d 2005
|
| 610 |
1 |
|
|a низкоуглеродистые стали
|
| 610 |
1 |
|
|a градиентные структуры
|
| 610 |
1 |
|
|a стержни
|
| 610 |
1 |
|
|a металлография
|
| 610 |
1 |
|
|a электронная микроскопия
|
| 610 |
1 |
|
|a арматурные прутки
|
| 610 |
1 |
|
|a сталь Ст3пс
|
| 610 |
1 |
|
|a горячий прокат
|
| 610 |
1 |
|
|a толщина
|
| 610 |
1 |
|
|a механические характеристики
|
| 610 |
1 |
|
|a параметры структуры
|
| 701 |
|
1 |
|a Иванов
|b Ю. Ф.
|
| 701 |
|
1 |
|a Юрьев
|b А. Б.
|
| 701 |
|
1 |
|a Морозов
|b М. М.
|
| 701 |
|
1 |
|a Громов
|b В. Е.
|
| 801 |
|
1 |
|a RU
|b 63413507
|c 20050607
|g PSBO
|
| 801 |
|
2 |
|a RU
|b 63413507
|c 20110608
|g RCR
|
| 942 |
|
|
|c BK
|